| 000 | 01344nam a2200325 i 4500 | ||
|---|---|---|---|
| 003 | DO-SdBNP | ||
| 005 | 20240815110555.0 | ||
| 006 | a||||gr|||| 00| 0 | ||
| 007 | ta | ||
| 008 | 240815e1988 dr aob|| |||| 00| 0 spa d | ||
| 020 | _a8420729531 (colección) | ||
| 020 | _a8420734489 | ||
| 040 |
_aDO-SdBNP _bspa _cBNPHU _erda |
||
| 082 | 4 |
_222 _bL979r |
|
| 100 | 1 |
_aLuzón Benedicto, José Luis, _eautor _986351 |
|
| 245 | 1 | 0 |
_aRepública Dominicana / _cJosé Luis Luzón Benedicto, editor, Germán Sánchez Ruipérez |
| 264 | 1 |
_aSanto Domingo : _bAnaya, _c1988 |
|
| 300 |
_a126 páginas : _bilustraciones, fotografías, mapas ; _c20 cm. |
||
| 336 |
_2rdacontent _atexto _btxt |
||
| 337 |
_2rdamedia _asin mediación _bn |
||
| 338 |
_2rdacarrier _avolumen _bnc |
||
| 490 | 0 |
_aBiblioteca Iberoamericana ; _v82 |
|
| 504 | _aBibliografía: página (127). | ||
| 505 |
_aI. La isla colombina.-- II. La historia dominicana.-- III. El pueblo dominicano.-- IV. La lucha por el desarrollo económico.-- V. El espacio organizado y la división regional. _tCronología.-- _tBibliografía. |
||
| 590 | _aInventariado 2024 / MF | ||
| 650 | 4 |
_aCiudades y pueblos antiguos _932619 _zRepública Dominicana |
|
| 651 | 4 |
_2República Dominicana _xCiudades y pueblos antiguos _986352 |
|
| 700 | 1 |
_aSánchez Ruipérez, Germán, _970008 _eeditor |
|
| 942 |
_2ddc _cLBS1 |
||
| 999 |
_c57470 _d57470 |
||